¿Todos a la escuela? : (Registro nro. 6083)
[ vista simple ]
| 000 -LEADER | |
|---|---|
| fixed length control field | 00947nam a2200241Ia 4500 |
| 003 - CONTROL NUMBER IDENTIFIER | |
| control field | OSt |
| 005 - DATE AND TIME OF LATEST TRANSACTION | |
| control field | 20200827170923.0 |
| 008 - FIXED-LENGTH DATA ELEMENTS--GENERAL INFORMATION | |
| fixed length control field | 191128s2012 ck gr 000 0 spa d |
| 020 ## - INTERNATIONAL STANDARD BOOK NUMBER | |
| International Standard Book Number | 9789587382952 |
| 040 ## - CATALOGING SOURCE | |
| Original cataloging agency | Co-JMCR |
| Transcribing agency | Co-JMCR |
| 041 0# - LANGUAGE CODE | |
| Language code of text/sound track or separate title | spa |
| 082 04 - DEWEY DECIMAL CLASSIFICATION NUMBER | |
| Classification number | 371.04 / |
| Item number | P986e |
| Edition number | 23 |
| 100 1# - MAIN ENTRY--PERSONAL NAME | |
| Personal name | Castillo Sánchez, Camilo Ernesto, |
| Relator term | compilador |
| 9 (RLIN) | 9400 |
| 245 10 - TITLE STATEMENT | |
| Title | ¿Todos a la escuela? : |
| Remainder of title | desafíos de la gratuidad de la educación pública en Colombia: la Sentencia C-376 de 2010 / |
| Statement of responsibility, etc. | compiladores Camilo Ernesto Castillo Sánchez, Esteban Hoyos Ceballos |
| 260 ## - PUBLICATION, DISTRIBUTION, ETC. | |
| Place of publication, distribution, etc. | Bogotá : |
| Name of publisher, distributor, etc. | Universidad del Rosario, |
| Date of publication, distribution, etc. | 2012. |
| 300 ## - PHYSICAL DESCRIPTION | |
| Extent | 155 páginas ; |
| Dimensions | 24 cm. |
| 490 0# - SERIES STATEMENT | |
| Series statement | Colección Debates Democráticos |
| 505 0# - FORMATTED CONTENTS NOTE | |
| Formatted contents note | Intervenciones en el proceso constitucional |
| 650 24 - SUBJECT ADDED ENTRY--TOPICAL TERM | |
| Topical term or geographic name entry element | Educación pública |
| Geographic subdivision | Colombia |
| 9 (RLIN) | 9401 |
| 650 24 - SUBJECT ADDED ENTRY--TOPICAL TERM | |
| Topical term or geographic name entry element | Política educativa |
| Geographic subdivision | Colombia |
| 9 (RLIN) | 9282 |
| 700 1# - ADDED ENTRY--PERSONAL NAME | |
| Personal name | Hoyos Ceballos, Esteban, |
| Relator term | compilador |
| 9 (RLIN) | 9402 |
| 942 ## - ADDED ENTRY ELEMENTS (KOHA) | |
| Source of classification or shelving scheme | Dewey Decimal Classification |
| Koha item type | Books |
| Withdrawn status | Lost status | Source of classification or shelving scheme | Materials specified (bound volume or other part) | Damaged status | Not for loan | Home library | Current library | Shelving location | Date acquired | Source of acquisition | Total Checkouts | Full call number | Barcode | Date last seen | Date last checked out | Copy number | Price effective from | Koha item type |
|---|---|---|---|---|---|---|---|---|---|---|---|---|---|---|---|---|---|---|
| Dewey Decimal Classification | Donación--15/04/2018-- | Biblioteca Pública José María del Castillo y Rada | Biblioteca Pública José María del Castillo y Rada | General Stacks | 11/28/2019 | Donación | 2 | 371.04 / P986t | 430011602 | 05/16/2024 | 12/19/2019 | Ej.1 | 11/28/2019 | Books |